| 000 | 00680nam a2200205Ii 4500 | ||
|---|---|---|---|
| 003 | JO-AjNU | ||
| 008 | 230605s9999||||xx |||||||||||||| ||und|| | ||
| 040 |
_aJO-AjNU _bara _erda _cJO-AjNU |
||
| 041 | _aara | ||
| 050 | 1 | 4 | _aHN761.A7.S4 1985 |
| 100 | 3 |
_aشرابي، هشام, _eauthor _938799 |
|
| 245 | 0 | 0 | _aمقدمات لدراسة المجتمع العربي |
| 250 | _aط جديدة ومنقحة وموسعة | ||
| 264 | 3 | 1 | _aبيروت: الاهلية للنشر والتوزيع، 1985 |
| 300 | _a153ص | ||
| 336 |
_atext _btxt _2rdacontent |
||
| 337 |
_aunmediated _bn _2rdamedia |
||
| 338 |
_avolume _bnc _2rdacarrier |
||
| 650 | 4 |
_aالمجتمع العربي _938800 |
|
| 999 |
_aA16331 _c19899 _d19899 |
||